00605nam a2200193 a 450000100060000000300090000600800410001502000140005604000280007008200170009810000270011524500290014226000240017130000100019549000160020550501240022165000350034565000310038014977CO-ViMGA141112s2004 ck r 000 u spa d a959339034 aCO-ViMGAbspacCO-ViMGA04a330.986 I5571 aInstituto Maria Cano, 10aPaz y convivencia Social aBtá, cIsmac.1994 a52.p. aDocumento;4 aEl gobierno de Gaviria, revolcon original? La negociación política del conflicto armado en Colombia Colombia y Cuba14aCOLOMBIA Política Y GOBIERNO14aCOLOMBIA RELACIONES - CUBA